|
|
|
|
| LEADER |
00000nam0a2200000 4500 |
| 001 |
116915 |
| 005 |
20231031123445.0 |
| 010 |
|
|
|a 5270007959
|
| 020 |
|
|
|a RU
|b 91-37505
|
| 035 |
|
|
|a (RuTPU)RU\TPU\book\126518
|
| 090 |
|
|
|a 116915
|
| 100 |
|
|
|a 20070529d1991 m y0rusy5003 ca
|
| 101 |
0 |
|
|a rus
|
| 102 |
|
|
|a RU
|
| 105 |
|
|
|a a z 000ay
|
| 200 |
1 |
|
|a Петербургская ворожея
|e Исторические повести и рассказы начала XX в.
|f сост., авт. предисл. и примеч. В. Б. Муравьев; худож. В. А. Иванов
|
| 210 |
|
|
|a Москва
|c Современник
|d 1991
|
| 215 |
|
|
|a 668,[3] с.
|c ил.
|d 21 см
|
| 464 |
|
|
|a Толстой, Алексей Николаевич
|
| 610 |
1 |
|
|a русская литература
|
| 610 |
1 |
|
|a повести
|
| 610 |
1 |
|
|a рассказы
|
| 610 |
1 |
|
|a 20 век
|
| 675 |
|
|
|a Р1
|z rus
|v 3
|
| 702 |
|
1 |
|a Муравьев
|b В. Б.
|g Владимир Брониславович
|4 220
|
| 702 |
|
1 |
|a Иванов
|b В. А.
|4 440
|
| 801 |
|
0 |
|a RU
|b RuMRKP
|c 19950417
|g psbo
|
| 801 |
|
1 |
|a RU
|b 63413507
|c 20070529
|g PSBO
|
| 801 |
|
2 |
|a RU
|b 63413507
|c 20070823
|g PSBO
|
| 942 |
|
|
|c BK
|